[Event "Titled Tuesday intern op 16th Apr Early"]
[Site "Chess.com INT"]
[Date "2024.04.16"]
[Round "4"]
[White "Labussiere, Yago"]
[Black "Lenoir Ibacache, Gabriel Alberto"]
[Result "1-0"]
[WhiteElo "2184"]
[BlackElo "2228"]
[PlyCount "101"]
[EventDate "2024.04.16"]
[EventType "swiss (blitz)"]
[EventRounds "11"]
[EventCountry "USA"]
[SourceTitle "CB17_2024"]
[SourceDate "2024.04.24"]
[SourceVersion "1"]
[SourceVersionDate "2024.04.24"]
[SourceQuality "1"]

1. Nf3 Nf6 2. b3 g6 3. Bb2 Bg7 4. g3 0-0 5. Bg2 d6 6. 0-0 e5 7. c4 Re8 8. Nc3 Nbd7 9. e4 Nc5 10. d3 Bg4 11. h3 Bxf3 12. Bxf3 Ne6 13. Ne2 c5 14. Bg2 a6 15. f4 Nd4 16. Nxd4 cxd4 17. Bc1 Nd7 18. Qf3 b5 19. f5 bxc4 20. bxc4 Rb8 21. h4 h6 22. Bh3 Kh7 23. Rf2 Rb7 24. Bd2 Nc5 25. f6 Bf8 26. h5 g5 27. Rd1 Ne6 28. Bxe6 Rxe6 29. Qf5+ Kh8 30. Rdf1 Rb2 31. Bxg5 Rxf2 32. Rxf2 hxg5 33. Qxg5 Kh7 34. Qf5+ Kh8 35. g4 Bh6 36. g5 Bxg5 37. Qxg5 Qg8 38. Qxg8+ Kxg8 39. Kg2 Kh7 40. Kg3 Kh6 41. Rf5 Re8 42. Rf2 Rg8+ 43. Kh3 Kxh5 44. Rb2 Rg6 45. Rb6 Rxf6 46. Kg3 Rg6+ 47. Kf2 d5 48. Rxg6 Kxg6 49. cxd5 f5 50. d6 Kf6 51. exf5 1-0

[Event "Titled Tuesday intern op 16th Apr Late"]
[Site "Chess.com INT"]
[Date "2024.04.16"]
[Round "8"]
[White "Melillo, Lucius"]
[Black "Lenoir Ibacache, Gabriel Alberto"]
[Result "1-0"]
[WhiteElo "2274"]
[BlackElo "2228"]
[PlyCount "67"]
[EventDate "2024.04.16"]
[EventType "swiss (blitz)"]
[EventRounds "11"]
[EventCountry "USA"]
[SourceTitle "CB17_2024"]
[SourceDate "2024.04.24"]
[SourceVersion "1"]
[SourceVersionDate "2024.04.24"]
[SourceQuality "1"]

1. d4 d5 2. Nc3 e6 3. e4 Nf6 4. e5 Nfd7 5. f4 c5 6. Nf3 Nc6 7. Be3 Qb6 8. Na4 Qa5+ 9. c3 c4 10. b4 cxb3 11. axb3 Qc7 12. Bd3 Be7 13. 0-0 0-0 14. Qe1 f6 15. f5 exf5 16. e6 Nb6 17. Bxf5 Nxa4 18. Rxa4 g6 19. Bh3 Re8 20. c4 dxc4 21. d5 Ne5 22. Nxe5 Qxe5 23. bxc4 b5 24. cxb5 Qxd5 25. Rd4 Qxb5 26. Rdf4 Bxe6 27. Bxe6+ Kg7 28. Bd4 Rf8 29. Qf2 Qg5 30. h4 Qb5 31. Rxf6 Bxf6 32. Bxf6+ Kh6 33. Qf4+ Kh5 34. g4# 1-0

[Event "Titled Tuesday intern op 02nd Apr Early"]
[Site "Chess.com INT"]
[Date "2024.04.02"]
[Round "1"]
[White "Lenoir Ibacache, Gabriel Alberto"]
[Black "Pavlov, Nikolay1"]
[Result "0-1"]
[WhiteElo "2228"]
[BlackElo "2316"]
[PlyCount "78"]
[EventDate "2024.04.02"]
[EventType "swiss (blitz)"]
[EventRounds "11"]
[EventCountry "USA"]
[SourceTitle "CB15_2024"]
[SourceDate "2024.04.10"]
[SourceVersion "1"]
[SourceVersionDate "2024.04.10"]
[SourceQuality "1"]

1. e4 c6 2. d4 d5 3. Nd2 dxe4 4. Nxe4 Nf6 5. Nxf6+ exf6 6. c3 Bd6 7. Bd3 0-0 8. Qh5 Re8+ 9. Ne2 f5 10. Bg5 Qb6 11. 0-0-0 Nd7 12. Rhe1 Nf8 13. Bf4 Rxe2 14. Rxe2 Bxf4+ 15. Kb1 Be6 16. Qf3 Ng6 17. g3 Bd6 18. Bxf5 Bd5 19. Be4 Qa5 20. Bxd5 Qxd5 21. Qd3 b5 22. Rde1 Kf8 23. h4 a5 24. Qe4 Qxe4+ 25. Rxe4 h5 26. Kc2 a4 27. R1e2 Ne7 28. Re1 Nd5 29. R1e2 g6 30. Re1 Kg7 31. Re8 Rxe8 32. Rxe8 Kf6 33. Rc8 Ne7 34. Rd8 Ke6 35. Kd3 Nd5 36. Rh8 Nf6 37. Rc8 Kd7 38. Ra8 Ng4 39. Rf8 Bxf8 0-1

[Event "Titled Tuesday intern op 02nd Apr Early"]
[Site "Chess.com INT"]
[Date "2024.04.02"]
[Round "3"]
[White "Ljukin, Sergei"]
[Black "Lenoir Ibacache, Gabriel Alberto"]
[Result "1-0"]
[WhiteElo "2362"]
[BlackElo "2228"]
[PlyCount "67"]
[EventDate "2024.04.02"]
[EventType "swiss (blitz)"]
[EventRounds "11"]
[EventCountry "USA"]
[SourceTitle "CB15_2024"]
[SourceDate "2024.04.10"]
[SourceVersion "1"]
[SourceVersionDate "2024.04.10"]
[SourceQuality "1"]

1. e4 c5 2. Nf3 d6 3. d4 cxd4 4. Nxd4 Nf6 5. Nc3 a6 6. Bg5 e6 7. f4 h6 8. Bh4 Qb6 9. a3 Be7 10. Bf2 Qc7 11. Qe2 Nbd7 12. 0-0-0 b5 13. g4 Bb7 14. Rg1 g5 15. h4 gxf4 16. g5 hxg5 17. hxg5 f3 18. Qxf3 Ne5 19. Qe2 Nh7 20. g6 Bg5+ 21. Kb1 Nxg6 22. Ndxb5 axb5 23. Nxb5 Qe7 24. Nxd6+ Kf8 25. Bc5 Rc8 26. Bb4 Kg7 27. Nxc8 Qc7 28. Nd6 Bf6 29. Bh3 Ra8 30. Bf5 exf5 31. exf5 Bd5 32. fxg6 fxg6 33. Qg4 Ng5 34. Rxd5 1-0

[Event "Titled Tuesday intern op 02nd Apr Early"]
[Site "Chess.com INT"]
[Date "2024.04.02"]
[Round "11"]
[White "Mao, Fengxi"]
[Black "Lenoir Ibacache, Gabriel Alberto"]
[Result "1-0"]
[WhiteElo "2132"]
[BlackElo "2228"]
[PlyCount "89"]
[EventDate "2024.04.02"]
[EventType "swiss (blitz)"]
[EventRounds "11"]
[EventCountry "USA"]
[SourceTitle "CB15_2024"]
[SourceDate "2024.04.10"]
[SourceVersion "1"]
[SourceVersionDate "2024.04.10"]
[SourceQuality "1"]

1. Nf3 c5 2. b3 Nc6 3. Bb2 Nf6 4. c4 g6 5. g3 Bg7 6. Bg2 0-0 7. 0-0 e6 8. d4 cxd4 9. Nxd4 d5 10. cxd5 Nxd5 11. Nxc6 bxc6 12. Bxg7 Kxg7 13. Qd4+ Qf6 14. Qxf6+ Kxf6 15. Nd2 Ba6 16. Rfe1 Rfd8 17. Ne4+ Ke7 18. Rac1 Rac8 19. Nc5 Nc7 20. Bxc6 Rd2 21. Bf3 Rdd8 22. b4 Bb5 23. a4 Be8 24. b5 Nd5 25. Nb7 Rxc1 26. Rxc1 Rd7 27. Na5 Nb6 28. Nc6+ Kf8 29. a5 Na4 30. Ra1 Nc3 31. b6 axb6 32. a6 Rd2 33. a7 Nxe2+ 34. Kg2 Bxc6 35. Bxc6 Nd4 36. a8Q+ Kg7 37. Bf3 Nf5 38. Qe4 Rd6 39. Ra7 Kf6 40. h4 Rd2 41. Qf4 Rb2 42. g4 e5 43. Qg5+ Ke6 44. gxf5+ gxf5 45. Qe7# 1-0

[Event "Titled Tuesday intern op 23rd Jan Late"]
[Site "Chess.com INT"]
[Date "2024.01.23"]
[Round "11"]
[White "Bezerra, Natacio Goncalves"]
[Black "Lenoir Ibacache, Gabriel Alberto"]
[Result "0-1"]
[WhiteElo "1916"]
[BlackElo "2225"]
[PlyCount "50"]
[EventDate "2024.01.23"]
[EventType "swiss (blitz)"]
[EventRounds "11"]
[EventCountry "USA"]
[SourceTitle "CB05_2024"]
[SourceDate "2024.01.31"]
[SourceVersion "1"]
[SourceVersionDate "2024.01.31"]
[SourceQuality "1"]

1. e4 c5 2. Nf3 d6 3. Bb5+ Nd7 4. 0-0 a6 5. Be2 Ngf6 6. Nc3 e6 7. d4 cxd4 8. Qxd4 Be7 9. Bg5 0-0 10. Rad1 Qc7 11. Qc4 Qxc4 12. Bxc4 h6 13. Bh4 b5 14. Bb3 Re8 15. Nd2 Bb7 16. f3 Rac8 17. a4 Bc6 18. Bf2 Nc5 19. Bxc5 dxc5 20. e5 Nd7 21. f4 c4 22. Ba2 Nc5 23. axb5 axb5 24. Rfe1 Red8 25. Ndb1 b4 0-1

[Event "Titled Tuesday intern op 23rd Jan Late"]
[Site "Chess.com INT"]
[Date "2024.01.23"]
[Round "7"]
[White "Lenoir Ibacache, Gabriel Alberto"]
[Black "Ivanov, Aleksandr Y"]
[Result "1-0"]
[WhiteElo "2225"]
[BlackElo "2068"]
[PlyCount "69"]
[EventDate "2024.01.23"]
[EventType "swiss (blitz)"]
[EventRounds "11"]
[EventCountry "USA"]
[SourceTitle "CB05_2024"]
[SourceDate "2024.01.31"]
[SourceVersion "1"]
[SourceVersionDate "2024.01.31"]
[SourceQuality "1"]

1. e4 e6 2. d4 d5 3. Nc3 Bb4 4. exd5 exd5 5. Nf3 Nf6 6. Bd3 0-0 7. 0-0 Bg4 8. Bg5 c6 9. Qd2 Bxf3 10. gxf3 Nbd7 11. Kh1 Qc7 12. Rg1 Kh8 13. Rg3 Nh5 14. Rh3 g6 15. Rxh5 gxh5 16. Bf5 f6 17. Bh6 Rg8 18. Re1 Rae8 19. Re6 Rxe6 20. Bxe6 Rg6 21. Bf7 Bf8 22. Bxg6 hxg6 23. Bf4 Bd6 24. Bxd6 Qxd6 25. Qh6+ Kg8 26. Qxg6+ Kf8 27. Qh6+ Ke7 28. Qxh5 Qf4 29. Qh7+ Kd6 30. Kg2 Qxd4 31. h4 Qf4 32. Ne2 Qd2 33. Ng3 Qf4 34. h5 Ne5 35. Qf5 1-0

[Event "Titled Tuesday intern op 23rd Jan Late"]
[Site "Chess.com INT"]
[Date "2024.01.23"]
[Round "2"]
[White "Lenoir Ibacache, Gabriel Alberto"]
[Black "Vlassov, Nikolai"]
[Result "0-1"]
[WhiteElo "2225"]
[BlackElo "2299"]
[PlyCount "80"]
[EventDate "2024.01.23"]
[EventType "swiss (blitz)"]
[EventRounds "11"]
[EventCountry "USA"]
[SourceTitle "CB05_2024"]
[SourceDate "2024.01.31"]
[SourceVersion "1"]
[SourceVersionDate "2024.01.31"]
[SourceQuality "1"]

1. e4 c5 2. Nf3 d6 3. d4 cxd4 4. Nxd4 Nf6 5. Nc3 a6 6. Bg5 e6 7. f4 Be7 8. Qe2 Nbd7 9. 0-0-0 Qc7 10. g4 0-0 11. h4 b5 12. a3 Bb7 13. h5 h6 14. Bxf6 Bxf6 15. Rg1 Qb6 16. Qe3 e5 17. Nf5 Qxe3+ 18. Nxe3 exf4 19. Ned5 Bg5 20. Kb1 Rac8 21. Be2 Rfe8 22. Rgf1 Bxd5 23. Rxd5 Re6 24. Rfd1 Rc6 25. Na2 Nf6 26. Bf3 Rb6 27. R5d4 Nd7 28. Nb4 Ne5 29. Bh1 Nxg4 30. Bf3 Ne5 31. Bh1 f3 32. Nd5 Rb7 33. Nb4 a5 34. Nd3 Rf6 35. Nxe5 dxe5 36. Rd5 f2 37. Bg2 Re6 38. Bh3 Re8 39. Rd8 Rxd8 40. Rxd8+ Bxd8 0-1

[Event "Titled Tuesday intern op 19th Sep Late"]
[Site "Chess.com INT"]
[Date "2023.09.19"]
[Round "7"]
[White "Ardila, Oscar Humberto"]
[Black "Lenoir Ibacache, Gabriel Alberto"]
[Result "0-1"]
[WhiteElo "1979"]
[BlackElo "2225"]
[PlyCount "82"]
[EventDate "2023.09.19"]
[EventType "swiss (blitz)"]
[EventRounds "11"]
[EventCountry "USA"]
[SourceTitle "EXT 2024"]
[Source "ChessBase"]
[SourceDate "2023.10.10"]
[SourceVersion "1"]
[SourceVersionDate "2023.10.10"]
[SourceQuality "1"]

1. d4 Nf6 2. c4 g6 3. Nc3 Bg7 4. Nf3 d6 5. e3 0-0 6. Be2 Nbd7 7. 0-0 e5 8. dxe5 dxe5 9. Qc2 c6 10. Rd1 Qc7 11. e4 Re8 12. h3 a5 13. Be3 Nf8 14. a3 N6d7 15. b4 axb4 16. axb4 Rxa1 17. Rxa1 Ne6 18. Rd1 Ndf8 19. c5 Nf4 20. Bc4 Be6 21. Qb3 Bxc4 22. Qxc4 N8e6 23. Ne2 Rd8 24. Re1 h5 25. Nxf4 exf4 26. Bc1 b5 27. cxb6 Qxb6 28. e5 g5 29. Qe4 g4 30. hxg4 hxg4 31. Nh4 Rd4 32. Qe2 g3 33. Nf5 Rxb4 34. Rf1 Rb1 35. Bd2 gxf2+ 36. Kh2 Rxf1 37. Qxf1 Bxe5 38. Qe2 Qb2 39. Qg4+ Kf8 40. Bxf4 Bxf4+ 41. Kh3 f1Q 0-1

[Event "Titled Tuesday intern op 19th Sep Late"]
[Site "Chess.com INT"]
[Date "2023.09.19"]
[Round "2"]
[White "Lenoir Ibacache, Gabriel Alberto"]
[Black "Martinez Martin, David"]
[Result "0-1"]
[WhiteElo "2225"]
[BlackElo "2385"]
[PlyCount "52"]
[EventDate "2023.09.19"]
[EventType "swiss (blitz)"]
[EventRounds "11"]
[EventCountry "USA"]
[SourceTitle "EXT 2024"]
[Source "ChessBase"]
[SourceDate "2023.10.10"]
[SourceVersion "1"]
[SourceVersionDate "2023.10.10"]
[SourceQuality "1"]

1. e4 c5 2. g3 d5 3. exd5 Qxd5 4. Nf3 Bg4 5. Bg2 Qe6+ 6. Kf1 Nc6 7. h3 Bh5 8. d3 Nf6 9. Nc3 0-0-0 10. g4 Bg6 11. Bf4 Nd5 12. Nxd5 Qxd5 13. Ne5 Qd4 14. Nxc6 bxc6 15. Qf3 Rd5 16. Bg3 Qxb2 17. Re1 Qxc2 18. Qf4 e5 19. Qc1 Bxd3+ 20. Kg1 Qxc1 21. Rxc1 e4 22. Kh2 h5 23. g5 Rxg5 24. f3 h4 25. Bf2 exf3 26. Bxf3 Bd6+ 0-1

[Event "Titled Tuesday intern op 19th Sep Early"]
[Site "Chess.com INT"]
[Date "2023.09.19"]
[Round "5"]
[White "Polaczek, Richard"]
[Black "Lenoir Ibacache, Gabriel Alberto"]
[Result "0-1"]
[WhiteElo "2302"]
[BlackElo "2225"]
[PlyCount "82"]
[EventDate "2023.09.19"]
[EventType "swiss (blitz)"]
[EventRounds "11"]
[EventCountry "USA"]
[SourceTitle "EXT 2024"]
[Source "ChessBase"]
[SourceDate "2023.10.10"]
[SourceVersion "1"]
[SourceVersionDate "2023.10.10"]
[SourceQuality "1"]

1. d4 Nf6 2. c4 g6 3. Nc3 Bg7 4. e4 0-0 5. f4 d6 6. Nf3 c5 7. d5 e6 8. dxe6 fxe6 9. Bd3 Nc6 10. 0-0 a6 11. Kh1 Nd4 12. Be3 Ng4 13. Bg1 Nxf3 14. Qxf3 Qh4 15. h3 Ne5 16. Qe3 Nc6 17. Bh2 Bh6 18. Bg3 Qe7 19. Qe1 Bd7 20. Rd1 Rae8 21. Bb1 Nd4 22. Bh2 Bc6 23. Ne2 e5 24. f5 Qg5 25. fxg6 Qxg6 26. Ng3 Bf4 27. b3 Rf7 28. Bd3 Ref8 29. Nf5 Nxf5 30. Bxf4 Ng3+ 31. Bxg3 Rxf1+ 32. Qxf1 Rxf1+ 33. Rxf1 Qxg3 34. Rf3 Qe1+ 35. Kh2 Bxe4 36. Rg3+ Kh8 37. Re3 Qxe3 38. Bxe4 Qxe4 39. g3 Qe2+ 40. Kg1 Qe1+ 41. Kg2 Qe2+ 0-1

[Event "Titled Tuesday intern op 15th Aug Early"]
[Site "Chess.com INT"]
[Date "2023.08.15"]
[Round "5"]
[White "Iljin, Timofey"]
[Black "Lenoir Ibacache, Gabriel Alberto"]
[Result "0-1"]
[WhiteElo "2322"]
[BlackElo "2225"]
[PlyCount "52"]
[EventDate "2023.08.15"]
[EventType "swiss (blitz)"]
[EventRounds "11"]
[EventCountry "USA"]
[SourceTitle "EXT 2024"]
[Source "ChessBase"]
[SourceDate "2023.10.10"]
[SourceVersion "1"]
[SourceVersionDate "2023.10.10"]
[SourceQuality "1"]

1. e4 c5 2. c3 d5 3. exd5 Qxd5 4. d4 Nc6 5. Nf3 Nf6 6. Be2 cxd4 7. cxd4 e6 8. 0-0 Be7 9. Nc3 Qd6 10. h3 0-0 11. Be3 Nb4 12. a3 Nbd5 13. Qb3 b6 14. Ne5 Bb7 15. Bf3 Rac8 16. Rac1 Rfd8 17. Ne4 Nxe4 18. Bxe4 Ba8 19. Bd2 g6 20. Qf3 Bf6 21. Bxd5 Bxe5 22. Rxc8 Bxd5 23. Rxd8+ Qxd8 24. Qg4 Bb8 25. Bg5 Qd6 26. Bf6 Qh2# 0-1

[Event "Titled Tuesday intern op 15th Aug Late"]
[Site "Chess.com INT"]
[Date "2023.08.15"]
[Round "7"]
[White "Lenoir Ibacache, Gabriel Alberto"]
[Black "Petersson, Kjell"]
[Result "1-0"]
[WhiteElo "2225"]
[BlackElo "2040"]
[PlyCount "29"]
[EventDate "2023.08.15"]
[EventType "swiss (blitz)"]
[EventRounds "11"]
[EventCountry "USA"]
[SourceTitle "EXT 2024"]
[Source "ChessBase"]
[SourceDate "2023.10.10"]
[SourceVersion "1"]
[SourceVersionDate "2023.10.10"]
[SourceQuality "1"]

1. e4 c5 2. g3 Nc6 3. Bg2 g6 4. Ne2 Bg7 5. c3 d6 6. d4 cxd4 7. cxd4 Nf6 8. Nbc3 0-0 9. h3 Bd7 10. 0-0 Rb8 11. Be3 b5 12. Rc1 b4 13. Na4 Qa5 14. e5 Qxa4 15. Qxa4 1-0